Statistics for Controllers of Albania Throughout History

Click here to take the quiz!

General Stats

  • This quiz has been taken 65 times
  • The average score is 14 of 24

Answer Stats

Time PeriodAnswer% Correct
1943-1944Nazi Germany
92%
1944-Albania
89%
1912-1939Albania
89%
1371-1912Ottoman Empire
89%
1328-1415Principality of Albania
89%
-27-395Roman Empire
89%
-229--27Roman Republic
89%
1939-1943Fascist Italy
87%
850-969Principality of Serbia
70%
1217-1389Serbia
70%
-359--168Macedonia
68%
1261-1349Byzantine Empire
66%
971-1204Byzantine Empire
66%
395-917Byzantine Empire
66%
855-1018First Bulgarian Empire
55%
1205-1224Second Bulgarian Empire
55%
1392-1503Republic of Venice
51%
1204-1479Despotate of Epirus
32%
-330--167Epirus
32%
1204-1224Latin Empire
17%
476-535Ostrogothic Kingdom
13%
395-476Western Roman Empire
6%
1914Autonomous Republic of Northern Epirus
4%
1246-1261Empire of Nicaea
2%

Score Distribution

Percentile by Number Answered

Percent of People with Each Score

Your Score History

You have not taken this quiz